[Event "COL pre olympic sf3"]
[Site "Dosquebradas"]
[Date "2018.06.03"]
[Round "8"]
[White "Toro, Brayan"]
[Black "Cruz, Adriana"]
[Result "0-1"]
[WhiteElo "1466"]
[BlackElo "1735"]
[PlyCount "84"]
[EventDate "2018.05.30"]
[EventType "swiss"]
[EventRounds "10"]
[EventCountry "COL"]
[SourceTitle "CBM 184 Extra"]
[Source "ChessBase"]
[SourceDate "2018.06.28"]
[SourceVersion "1"]
[SourceVersionDate "2018.06.28"]
[SourceQuality "1"]

1. d4 Nf6 2. c4 g6 3. Nc3 Bg7 4. Nf3 d6 5. Bg5 Nbd7 6. e3 0-0 7. Be2 e5 8. 0-0 h6 9. Bxf6 Nxf6 10. dxe5 dxe5 11. Nxe5 Qe7 12. Nf3 Rd8 13. Qb3 c6 14. Rfd1 Be6 15. Nd4 Bc8 16. Rd3 h5 17. h3 g5 18. Nc2 Bf5 19. Rxd8+ Rxd8 20. Rd1 Rxd1+ 21. Bxd1 g4 22. hxg4 Nxg4 23. Ne2 Qh4 24. Ng3 Bxc2 25. Qxc2 Qh2+ 26. Kf1 Nxe3+ 27. fxe3 Qxg3 28. Qe2 h4 29. b3 Bh6 30. Qf3 Qxf3+ 31. Bxf3 Bxe3 32. Ke2 Bc5 33. Kd3 Kg7 34. Ke4 Kf6 35. Kf4 Bd6+ 36. Ke4 Bc5 37. Kf4 Ke6 38. Ke4 f5+ 39. Kf4 Bd6+ 40. Ke3 Ke5 41. Kd3 Kf4 42. Kd4 h3 0-1

[Event "COL pre olympic sf3"]
[Site "Dosquebradas"]
[Date "2018.06.01"]
[Round "5"]
[White "Rosado Uriana, Rafael de Jesus"]
[Black "Toro, Brayan"]
[Result "1-0"]
[WhiteElo "1581"]
[BlackElo "1466"]
[PlyCount "119"]
[EventDate "2018.05.30"]
[EventType "swiss"]
[EventRounds "10"]
[EventCountry "COL"]
[SourceTitle "CBM 184 Extra"]
[Source "ChessBase"]
[SourceDate "2018.06.28"]
[SourceVersion "1"]
[SourceVersionDate "2018.06.28"]
[SourceQuality "1"]

1. e4 e5 2. Nf3 Nc6 3. Bc4 Bc5 4. Nc3 Nf6 5. 0-0 0-0 6. d3 h6 7. h3 d6 8. Be3 Bxe3 9. fxe3 Bd7 10. Qd2 Na5 11. Bb3 Nxb3 12. axb3 a6 13. d4 exd4 14. exd4 c6 15. e5 dxe5 16. dxe5 Ne8 17. Ne4 Be6 18. Rad1 Nc7 19. Qxd8 Raxd8 20. Rxd8 Rxd8 21. Nd6 Nb5 22. Rd1 Nxd6 23. exd6 Kf8 24. c4 c5 25. g4 f6 26. Nh4 Kf7 27. Nf5 Bxf5 28. gxf5 Rd7 29. Kf2 g6 30. fxg6+ Kxg6 31. Rd5 b6 32. Kf3 Kf7 33. Kg4 Ke6 34. Kh5 f5 35. Kxh6 f4 36. Rd3 Rxd6 37. Rf3 Kf5+ 38. Kh7 Kg5 39. h4+ Kg4 40. Rf1 f3 41. h5 Kg3 42. h6 Kg2 43. Rc1 f2 44. Kg7 f1Q 45. Rxf1 Kxf1 46. h7 Rd8 47. h8Q Rxh8 48. Kxh8 Ke2 49. Kg7 Ke3 50. Kf6 Kd4 51. Ke6 b5 52. cxb5 axb5 53. Kd6 b4 54. Kc6 c4 55. bxc4 Kxc4 56. Kb6 b3 57. Ka5 Kc5 58. Ka4 Kc4 59. Ka3 Kb5 60. Kxb3 1-0

[Event "COL pre olympic sf3"]
[Site "Dosquebradas"]
[Date "2018.05.30"]
[Round "1"]
[White "Toro, Brayan"]
[Black "Pachon Gutierrez, Adriana Paola"]
[Result "0-1"]
[WhiteElo "1466"]
[BlackElo "1933"]
[PlyCount "64"]
[EventDate "2018.05.30"]
[EventType "swiss"]
[EventRounds "10"]
[EventCountry "COL"]
[SourceTitle "CBM 184 Extra"]
[Source "ChessBase"]
[SourceDate "2018.06.28"]
[SourceVersion "1"]
[SourceVersionDate "2018.06.28"]
[SourceQuality "1"]

1. d4 e6 2. c4 b6 3. Nc3 Bb7 4. Bf4 Bb4 5. Bd2 f5 6. a3 Bxc3 7. Bxc3 Nf6 8. f3 0-0 9. e3 Nh5 10. Qd2 f4 11. Bd3 fxe3 12. Qxe3 Nf4 13. Qd2 Nc6 14. Bf1 Qe7 15. Ne2 Nxe2 16. Bxe2 Qh4+ 17. g3 Qh3 18. 0-0-0 Ne7 19. Qg5 Ng6 20. Qe3 Rf7 21. Rdf1 Raf8 22. Rf2 Ne7 23. Rhf1 Nf5 24. Qe5 Nd6 25. d5 exd5 26. cxd5 Re8 27. Qd4 Rxe2 28. Re1 Qh6+ 29. Kb1 Rxe1+ 30. Bxe1 Qf6 31. Qd3 Qf5 32. Kc2 Bxd5 0-1